00490 2200181 4500001002100000008004100021035002000062245005800082100003600140260002800176300002400204020002200228084001400250082000800264990001200272990001200284990001200296INLIS000000000002743 IND  a0010-0925000090 aMatematika Kelas XIIcImam Santoso & B.K, Noormandiri aImam Santoso & B.K, Noormandiri aJakartabErlanggac2023 a301c(17,5 x 25 cm) a978-623-180-234-7 a510 IMA m a510 a0754955 a0754956 a0754957